000 00594nam a2200181Ia 4500
008 090124s9999 xx 000 0 und d
082 _b21402
100 _aकुलकर्णी जी. ए.
245 _a एक अरबी कहाणी
250 _a1
260 _bविश्वमोहिनी प्रकाशन
_c1983
300 _a255
600 _aकुलकर्णी जी. ए.
630 _a एक अरबी कहाणी
700 _aकुलकर्णी जी. ए.
730 _a एक अरबी कहाणी
942 _cBOOK
999 _c91459
_d91459